[Event "AUTO-OPEN-4593"]
[Site "http://www.queenalice.com/game.php?id=1865134"]
[Date "2025.11.4"]
[Round "2"]
[White "WoodpusherKid"]
[Black "CCapivara"]
[Result "1/2-1/2"]
[WhiteElo "2558"]
[BlackElo "2280"]

1. c4 e5 2. g3 d6 3. d3 f5 4. Bg2 Nf6 5. Nf3 c6 6. b4 Be7 7. O-O O-O 8. Nc3 Kh8
9. b5 Be6 10. Ba3 Bg8 11. Nh4 Be6 12. Rb1 Ng4 13. bxc6 bxc6 14. h3 Nf6 15. Rb7
Bc8 16. Rb1 Be6 17. Rb7 Bc8 18. Rb1 Be6 19. Rb7 1/2-1/2

[Event "Let's Play Chess!"]
[Site "http://www.queenalice.com/game.php?id=1865274"]
[Date "2025.11.8"]
[Round "-"]
[White "alow_proton"]
[Black "WoodpusherKid"]
[Result "0-1"]
[WhiteElo "1568"]
[BlackElo "2557"]

1. e4 e5 2. f4 exf4 3. Nf3 Nf6 4. Nc3 d5 5. exd5 Nxd5 6. Nxd5 Qxd5 7. d4 Be7 8.
b3 Bg4 9. Bc4 Qe4+ 10. Qe2 Bxf3 11. gxf3 Qxd4 12. Rb1 Nc6 13. Bb2 Qb6 14. Bxg7
Rg8 15. Bb2 Rg1+ 16. Rxg1 Qxg1+ 17. Qf1 Bh4+ 18. Kd1 O-O-O+ 19. Kc1 Qe3# 0-1

[Event "Let's Play Chess!"]
[Site "http://www.queenalice.com/game.php?id=1865275"]
[Date "2025.11.8"]
[Round "-"]
[White "WoodpusherKid"]
[Black "alow_proton"]
[Result "1-0"]
[WhiteElo "2581"]
[BlackElo "1747"]

1. g3 e5 2. e4 Bc5 3. Bg2 Nf6 4. Ne2 O-O 5. O-O d6 6. c3 Bg4 7. a4 a5 8. h3 Be6
9. d4 Bb6 10. b3 Ne8 11. Ba3 f6 12. Nd2 Qd7 13. g4 c5 14. c4 cxd4 15. Ng3 g6 16.
f4 exf4 17. Rxf4 Ng7 18. Bb2 Nc6 19. Rf1 f5 20. exf5 gxf5 21. gxf5 Nxf5 22. Nxf5
Rxf5 23. Qg4+ Kh8 24. Rxf5 Bxf5 25. Bxc6 bxc6 26. Bxd4+ Bxd4+ 27. Qxd4+ Kg8 28.
Kh2 d5 29. Rg1+ Bg6 30. Nf3 Re8 31. Ne5 Qd6 32. Rg5 Re6 33. c5 Qe7 34. h4 Kf8
35. b4 axb4 36. Qxb4 Kg7 37. Qd4 Kh6 38. Ng4# 1-0

[Event "Let's Play Chess!"]
[Site "http://www.queenalice.com/game.php?id=1865355"]
[Date "2025.11.8"]
[Round "-"]
[White "nykejog"]
[Black "WoodpusherKid"]
[Result "1-0"]
[WhiteElo "2216"]
[BlackElo "2555"]

1. c4 e5 2. Nc3 Nf6 3. g3 Bb4 4. Bg2 O-O 5. e4 Bxc3 6. bxc3 c6 7. Ne2 d5 8. cxd5
cxd5 9. exd5 Nxd5 10. d4 exd4 11. Qxd4 Be6 12. Qd2 Nc6 13. O-O Rc8 14. Rb1 b6
15. Ba3 Nf6 16. Qc2 Re8 17. Rbd1 Qc7 18. Bd6 Qb7 19. Rd2 Rcd8 20. Nf4 Bc4 21.
Rc1 Rd7 22. h3 1-0

[Event "AUTO-OPEN-4625"]
[Site "http://www.queenalice.com/game.php?id=1865868"]
[Date "2025.11.20"]
[Round "1"]
[White "WoodpusherKid"]
[Black "jogo"]
[Result "1-0"]
[WhiteElo "2599"]
[BlackElo "1779"]

1. g3 Nf6 2. d4 e6 3. Bg2 h6 4. e4 d5 5. e5 Nfd7 6. Ne2 Be7 7. O-O O-O 8. Nf4 g5
9. Nh5 f6 10. Nc3 fxe5 11. dxe5 Nxe5 12. f4 gxf4 13. Bxf4 Ng6 14. Bxh6 1-0

[Event "AUTO-OPEN-4625"]
[Site "http://www.queenalice.com/game.php?id=1865895"]
[Date "2025.11.20"]
[Round "1"]
[White "WoodpusherKid"]
[Black "Capixaba789"]
[Result "1-0"]
[WhiteElo "2559"]
[BlackElo "1845"]

1. g3 e5 2. e4 Nf6 3. Bg2 d6 4. Ne2 c5 5. d3 Nc6 6. O-O Be7 7. Nbc3 Be6 8. Nd5
Bxd5 9. exd5 Nd4 10. c4 O-O 11. a3 b6 12. Bd2 a5 13. Nxd4 exd4 14. b3 Nd7 15. h4
f5 16. Bh3 f4 17. Bxf4 Rxf4 18. gxf4 Bxh4 19. Be6+ 1-0

[Event "AUTO-OPEN-4626"]
[Site "http://www.queenalice.com/game.php?id=1866065"]
[Date "2025.11.24"]
[Round "1"]
[White "Capixabba789"]
[Black "WoodpusherKid"]
[Result "0-1"]
[WhiteElo "1949"]
[BlackElo "2585"]

1. d4 d5 2. Nc3 Nf6 3. Nf3 e6 4. e3 c5 5. Be2 Be7 6. dxc5 Bxc5 7. O-O O-O 8. Nd4
e5 9. Nf3 Nc6 10. a3 Re8 11. b4 Bb6 12. Bb2 e4 13. Nd4 Ne5 14. Na4 Bc7 15. Nc5
a6 16. f4 exf3 17. Bxf3 Neg4 18. Bxg4 Nxg4 19. Qf3 f6 20. Rae1 Nxh2 0-1

[Event "AUTO-OPEN-4626"]
[Site "http://www.queenalice.com/game.php?id=1866066"]
[Date "2025.11.24"]
[Round "1"]
[White "WoodpusherKid"]
[Black "Capixabba789"]
[Result "1-0"]
[WhiteElo "2584"]
[BlackElo "1951"]

1. Nf3 d5 2. d4 Bg4 3. c4 Bh5 4. Qb3 Bxf3 5. exf3 Nd7 6. Qxb7 dxc4 7. Bxc4 Rb8
8. Qxa7 e6 9. Nc3 Ngf6 10. Bf4 Bd6 11. Bxd6 cxd6 12. Qa3 O-O 13. O-O d5 14. Bd3
Rb6 15. Na4 Rb8 16. Nc5 Nxc5 17. dxc5 Qc7 18. b4 Ra8 19. Qb3 Rfd8 20. g3 1-0

[Event "AUTO-OPEN-4626"]
[Site "http://www.queenalice.com/game.php?id=1866093"]
[Date "2025.11.24"]
[Round "1"]
[White "Magnaroc"]
[Black "WoodpusherKid"]
[Result "0-1"]
[WhiteElo "1488"]
[BlackElo "2591"]

1. e4 e5 2. Nf3 Nc6 3. d4 exd4 4. Nxd4 Nf6 5. Nxc6 bxc6 6. e5 Qe7 7. Qe2 Nd5 8.
Bd2 g6 9. Nc3 Bg7 10. Nxd5 cxd5 11. f4 O-O 12. h4 c5 13. h5 Rb8 14. Rb1 d6 15.
hxg6 fxg6 16. g4 dxe5 17. fxe5 Bxe5 18. Kd1 c4 19. Bc3 Re8 20. Bxe5 Qxe5 21.
Qxe5 Rxe5 22. Be2 Rb4 23. c3 Ra4 24. a3 Ra6 25. Kd2 Rf6 26. Rbf1 Rb6 27. Rb1 h5
28. gxh5 Bf5 29. Rbe1 Rxb2+ 30. Kd1 Rexe2 31. Rxe2 Rb1+ 0-1

[Event "AUTO-OPEN-4626"]
[Site "http://www.queenalice.com/game.php?id=1866094"]
[Date "2025.11.24"]
[Round "1"]
[White "WoodpusherKid"]
[Black "Magnaroc"]
[Result "1-0"]
[WhiteElo "2588"]
[BlackElo "1414"]

1. g3 e5 2. e4 Nc6 3. Bg2 Nf6 4. d3 d5 5. exd5 Nxd5 6. Nf3 Bg4 7. h3 Bxf3 8.
Qxf3 Nf6 9. c3 Be7 10. O-O O-O 11. Bg5 h6 12. Bxf6 Bxf6 13. Nd2 Rb8 14. a4 Bg5
15. Nc4 Bf6 16. Rfe1 Re8 17. Rad1 a6 18. Re4 Kh8 19. h4 Re6 20. Bh3 Re8 21. Rde1
Qe7 22. d4 exd4 23. Rxe7 1-0

[Event "AUTO-OPEN-4626"]
[Site "http://www.queenalice.com/game.php?id=1866111"]
[Date "2025.11.24"]
[Round "1"]
[White "josebaron"]
[Black "WoodpusherKid"]
[Result "0-1"]
[WhiteElo "2193"]
[BlackElo "2587"]

1. e4 e5 2. Nf3 Nc6 3. d4 exd4 4. Nxd4 Nf6 5. Nxc6 bxc6 6. Bd3 d5 7. exd5 cxd5
8. O-O Be7 9. Re1 O-O 10. Nc3 Bg4 11. f3 Be6 12. a4 Rb8 13. Nb5 a6 14. Nd4 Bd7
15. b3 Ra8 16. Ba3 Bxa3 17. Rxa3 c5 18. Ne2 Re8 19. Ng3 Qb6 20. Kf1 c4 21. bxc4
dxc4 22. Bxc4 Qb4 23. Rxe8+ Rxe8 24. Bxf7+ Kxf7 25. Ra1 Bxa4 0-1

[Event "AUTO-OPEN-4626"]
[Site "http://www.queenalice.com/game.php?id=1866112"]
[Date "2025.11.24"]
[Round "1"]
[White "WoodpusherKid"]
[Black "josebaron"]
[Result "1-0"]
[WhiteElo "2586"]
[BlackElo "2194"]

1. c4 e5 2. g3 Nf6 3. Bg2 Bc5 4. d3 O-O 5. Nf3 Nc6 6. O-O d5 7. cxd5 Nxd5 8. a3
a5 9. Nxe5 Bxf2+ 10. Rxf2 Nxe5 11. Nc3 Nxc3 12. bxc3 c6 13. Bf4 Ng6 14. Bc1 Re8
15. e4 Ne5 16. d4 Ng4 17. Rf4 Nf6 18. Qc2 a4 19. e5 Nd5 20. Rh4 h6 21. Bxh6 gxh6
22. Rxh6 Qg5 23. Qh7+ Kf8 24. Rf1 Be6 25. Rxe6 1-0

[Event "Let's Play Chess!"]
[Site "http://www.queenalice.com/game.php?id=1866351"]
[Date "2025.11.29"]
[Round "-"]
[White "alow_proton"]
[Black "WoodpusherKid"]
[Result "0-1"]
[WhiteElo "1960"]
[BlackElo "2594"]

1. e4 e5 2. f4 d5 3. exd5 exf4 4. Nf3 Nf6 5. Bb5+ c6 6. dxc6 Nxc6 7. d4 Bd6 8.
Qe2+ Be6 9. c4 O-O 10. O-O Nxd4 11. Nxd4 Qb6 12. Kh1 Qxd4 13. Qf2 Qxf2 14. Rxf2
a6 15. Ba4 Nh5 16. Bb3 g5 17. Nc3 Nf6 18. Bd2 Rac8 19. Nd5 Ne4 20. Re2 Bxd5 21.
cxd5 Nxd2 22. Rxd2 Rfe8 23. Kg1 Re5 24. Kf2 g4 25. Re2 Bc5+ 26. Kf1 Rxe2 27.
Kxe2 Kg7 28. Rd1 Re8+ 29. Kf1 Rd8 30. h3 gxh3 31. gxh3 Bd6 32. Kf2 Kf6 33. Rg1
Bc5+ 34. Kg2 Bxg1 35. Kxg1 Ke5 36. Kf2 Rxd5 37. Bxd5 Kxd5 38. Kf3 Ke5 39. h4 b5
40. b4 h5 41. a3 f6 0-1

[Event "Let's Play Chess!"]
[Site "http://www.queenalice.com/game.php?id=1866352"]
[Date "2025.11.29"]
[Round "-"]
[White "WoodpusherKid"]
[Black "alow_proton"]
[Result "1-0"]
[WhiteElo "2590"]
[BlackElo "1908"]

1. c4 e5 2. g3 Nf6 3. Bg2 Bc5 4. Nc3 a6 5. Nf3 d6 6. O-O O-O 7. Nd4 Bxd4 8. e3
Bb6 9. b3 c6 10. Bb2 Bg4 11. f3 Bf5 12. d4 exd4 13. exd4 Nbd7 14. g4 Be6 15. g5
Ne8 16. f4 Bf5 17. Kh1 f6 18. d5 Rc8 19. Ne4 Bxe4 20. Bxe4 fxg5 21. Qd3 gxf4 22.
Bxh7+ Kh8 23. Qh3 Be3 24. Bg6+ 1-0

[Event "Chessss"]
[Site "http://www.queenalice.com/game.php?id=1866402"]
[Date "2025.11.30"]
[Round "-"]
[White "Connor"]
[Black "WoodpusherKid"]
[Result "0-1"]
[WhiteElo "1903"]
[BlackElo "2589"]

1. d4 d5 2. e3 Nf6 3. c4 e6 4. Nf3 b6 5. Nc3 Bb7 6. cxd5 exd5 7. Bd3 Bd6 8. Qc2
a6 9. e4 dxe4 10. Nxe4 Qe7 11. O-O Nxe4 12. Re1 f5 13. Ng5 O-O 14. Nxe4 fxe4 15.
Bxe4 Bxe4 16. Rxe4 Qf6 17. Qe2 Nd7 0-1

[Event "AUTO-OPEN-4628"]
[Site "http://www.queenalice.com/game.php?id=1866560"]
[Date "2025.12.4"]
[Round "1"]
[White "cerenzo72"]
[Black "WoodpusherKid"]
[Result "0-1"]
[WhiteElo "2185"]
[BlackElo "2595"]

1. c4 e5 2. Nc3 Nf6 3. e4 Bc5 4. Nf3 Ng4 5. d4 exd4 6. Nxd4 Nxf2 7. Kxf2 Qf6+ 8.
Ke3 Nc6 9. Nb5 O-O 10. Qf3 Bxd4+ 11. Ke2 Bxb2 12. Qxf6 Bxf6 13. Rb1 Nd4+ 14.
Nxd4 Bxd4 15. Kd3 Bf2 16. Bf4 d6 17. Be2 Re8 18. g3 Bd7 19. Bf3 b6 20. Rhf1 Bc5
21. e5 Bf5+ 22. Be4 dxe5 23. Bd2 Rad8+ 0-1

[Event "AUTO-OPEN-4628"]
[Site "http://www.queenalice.com/game.php?id=1866561"]
[Date "2025.12.4"]
[Round "1"]
[White "WoodpusherKid"]
[Black "cerenzo72"]
[Result "1-0"]
[WhiteElo "2592"]
[BlackElo "2179"]

1. c4 e6 2. e4 d5 3. cxd5 exd5 4. exd5 Qxd5 5. Nc3 Qe6+ 6. Be2 Bc5 7. d4 Bb6 8.
Nf3 Nf6 9. d5 Qe7 10. Bf4 Bg4 11. d6 cxd6 12. Bxd6 Qe6 13. O-O Ne4 14. Nxe4 Qxe4
15. Re1 Be6 16. Bb5+ 1-0

[Event "AUTO-OPEN-4629"]
[Site "http://www.queenalice.com/game.php?id=1866833"]
[Date "2025.12.9"]
[Round "1"]
[White "askasl159"]
[Black "WoodpusherKid"]
[Result "0-1"]
[WhiteElo "1862"]
[BlackElo "2597"]

1. e4 e5 2. f4 exf4 3. Nf3 h6 4. d4 g5 5. h3 Bg7 6. Nc3 d6 7. Bc4 Nc6 8. a3 Nf6
9. Qd3 Nh5 10. e5 dxe5 11. dxe5 Qxd3 12. cxd3 Nxe5 13. Nxe5 Bxe5 14. Nd5 c6 15.
Nb4 Ng3 16. Rg1 Bd4 0-1